000 00546nam a2200181 a 4500
001 000019207
005 20200929165942.0
008 100528s1984 ck r 000 p spa d
040 _aDO-SdBNP
_bspa
_cBNPHU
082 _aC861.44
_bM323p
100 1 _aHernández Gómez, Jorge,
_d1946-
_941327
245 1 0 _aPalabra por palabra /
_cJorge Marel.
260 _aBogotá :
_bImprepales LTDA,
_c1984.
300 _a71 p. ;
_c22 cm.
650 4 _aPoesía colombiana
_ySIGLO XX
_917037
650 4 _aLiteratura colombiana
_ySIGLO XX
_914409
049 _aBNGR
999 _c18725
_d18725